92. Deutscher Bibliothekartag in Augsburg 2002 : die Bibliothek zwischen Autor und Leser /

Další autoři: Deutscher Bibliothekartag, Rosenberger, Burkard, Dittrich, Wolfgang, Benkert, Hannelore
Jazyk: Němčina
Vydáno: Frankfurt am Main : Vittorio Klostermann, c2003
Edice: Zeitschrift für Bibliothekswesen und Bibliographie
Témata:
Fyzický popis: viii, 451 s. : il. ; 25 cm
Knihy
Uloženo v:
LEADER 01895nam a2200457 a 4500
001 000676849
003 CZ BrMZK
005 20100601144223.0
007 ta
008 030707s2003 gw a f 100 0 ger d
020 |a 3-465-03252-7  |q (váz.) 
040 |a BOA001  |b cze 
043 |a e-gx--- 
072 7 |a 02  |x Knihovnictví. Informatika  |2 Konspekt  |9 12 
080 |a 02  |2 MRF 
080 |a 027.021  |2 MRF 
080 |a 37.03:[007+004  |2 MRF 
080 |a 025:004.08  |2 MRF 
080 |a (430)  |2 MRF 
080 |a (062.534)  |2 MRF 
111 2 |a Deutscher Bibliothekartag  |n (92. :  |d 2002 :  |c Augsburg, Německo)  |7 mzk2003194873 
245 1 0 |a 92. Deutscher Bibliothekartag in Augsburg 2002 :  |b die Bibliothek zwischen Autor und Leser /  |c herausgegeben von Hannelore Benkert, Burkhard Rosenberger und Wolfgang Dittrich 
246 3 0 |a Deutscher Bibliothekartag in Augsburg 2002 
246 3 3 |a Bibliothek zwischen Autor und Leser 
260 |a Frankfurt am Main :  |b Vittorio Klostermann,  |c c2003 
300 |a viii, 451 s. :  |b il. ;  |c 25 cm 
490 1 |a Zeitschrift für Bibliothekswesen und Bibliographie ;  |v Sonderheft 84 
504 |a Obsahuje bibliografie a bibliografické odkazy 
541 |a Bonn, Deutsche Forschungsgemeinschaft 
650 0 7 |a knihovnictví  |7 ph121664  |z Německo  |2 czenas 
650 0 7 |a vědecké knihovny  |7 ph127369  |z Německo  |2 czenas 
650 0 7 |a informační výchova  |7 ph121109  |2 czenas 
650 0 7 |a digitální knihovny  |7 ph135239  |2 czenas 
655 7 |a sborníky konferencí  |7 fd133333  |2 czenas 
700 1 |a Rosenberger, Burkard  |7 mzk2003181887  |4 edt 
700 1 |a Dittrich, Wolfgang  |7 mzk2003181886  |4 edt 
700 1 |a Benkert, Hannelore  |7 mzk2003181885  |4 edt 
830 0 |a Zeitschrift für Bibliothekswesen und Bibliographie 
910 |a BOA001  |b 2-1122.131 
990 |a BK 
996 7 |b 2610195939  |c 2-1122.131  |l MZK  |r Sklad / do 1 hodiny  |n 0  |p vým  |w 000676849  |u 000010  |a 1  |e BOA001  |j MZK50  |s A